Central Library OPAC University of Rajshahi

বৈজ্ঞানিক পরিভাষা : (Record no. 70944)

MARC details
000 -LEADER
fixed length control field 00892nam a2200217 a 4500
001 - CONTROL NUMBER
control field 70944
003 - CONTROL NUMBER IDENTIFIER
rucl marc code BD-RjUL
005 - DATE AND TIME OF LATEST TRANSACTION
control field 20211209082046.0
008 - FIXED-LENGTH DATA ELEMENTS--GENERAL INFORMATION
fixed length control field 170423s1944 ii |||| |||| 000 0 ben d
035 ## - SYSTEM CONTROL NUMBER
System control number (BD-RjUL)71158
040 ## - CATALOGING SOURCE
Original cataloging agency BD-RjUL
Language of cataloging ben
Transcribing agency BD-RjUL
Modifying agency BD-RjUL
041 ## - LANGUAGE CODE
Language code of text/sound track or separate title ben
082 ## - DEWEY DECIMAL CLASSIFICATION NUMBER
Edition number 23
Classification number 551.03
Author mark and year KOB 1944
110 1# - MAIN ENTRY--CORPORATE NAME
Corporate name or jurisdiction name as entry element কলিকাতা বিশ্ববিদ্যালয়
9 (RLIN) 209949
245 10 - TITLE STATEMENT
Title বৈজ্ঞানিক পরিভাষা :
Remainder of title ভূবিদ্যা /
Statement of responsibility, etc. কলিকাতা বিশ্ববিদ্যালয়
260 ## - PUBLICATION, DISTRIBUTION, ETC. (IMPRINT)
Place of publication, distribution, etc. কলিকাতা :
Name of publisher, distributor, etc. কলিকাতা বিশ্ববিদ্যালয় প্রেস,
Date of publication, distribution, etc. ১৯৪৪
300 ## - PHYSICAL DESCRIPTION
Pagination ১২ পৃ.;
Size ৩৪ সেমি.
650 ## - SUBJECT ADDED ENTRY--TOPICAL TERM
Topical term or geographic name as entry element ভূবিদ্যা
Form subdivision অভিধান
9 (RLIN) 178483
Topical term or geographic name as entry element Geology
Form subdivision Dictionaries
9 (RLIN) 181929
942 ## - ADDED ENTRY ELEMENTS (KOHA)
Source of classification or shelving scheme Dewey Decimal Classification
Koha item type Books
Holdings
Lost status Source of classification or shelving scheme Damaged status Not for loan Collection code Permanent Location Current Location Shelving location Date acquired Source of acquisition Cost, normal purchase price Total Checkouts Full call number Date last seen Copy number Koha item type
  Dewey Decimal Classification   Not For Loan Non-fiction Central Library, University of Rajshahi Central Library, University of Rajshahi Reading Room 24/11/1962 Kamala, Book 25.00   B 551.03 KOB 1944 23/04/2017 C-1 Books